[Event "20. Int. Boeblinger Open"]
[Site "Boeblingen"]
[Date "2003.12.30"]
[Round "8"]
[White "Zaitsev, Mikhail"]
[Black "Vujic, Branimir"]
[Result "1-0"]
[WhiteElo "2467"]
[BlackElo "2279"]
[PlyCount "111"]
[EventDate "2003.??.??"]

1. e4 d5 2. Nc3 e6 3. d4 Bb4 4. exd5 exd5 5. Bd3 c5 6. dxc5 Bxc3+ 7. bxc3 Qa5
8. Nf3 Nf6 9. O-O O-O 10. Be3 Bg4 11. Rb1 Qc7 12. Bd4 Nbd7 13. Rb4 Bh5 14. Qc1
Ne4 15. Nh4 f6 16. Bxe4 dxe4 17. Qe3 Rac8 18. Qxe4 Nxc5 19. Bxc5 Qxc5 20. Rxb7
Rfe8 21. Qf5 Qc6 22. Rxa7 Re5 23. Qh3 Be2 24. Nf5 Rxf5 25. Qxf5 Bxf1 26. Kxf1
Qxc3 27. g3 Qc6 28. Re7 Kf8 29. Re4 Qxc2 30. Qd5 Qc1+ 31. Kg2 Qc6 32. Qxc6 Rxc6
33. a4 Rc2 34. g4 Ra2 35. h4 Kf7 36. Kg3 Ra3+ 37. Kf4 g6 38. Rb4 h6 39. Ke4 f5+
40. gxf5 gxf5+ 41. Kxf5 Rf3+ 42. Rf4 Ra3 43. Ke5+ Ke7 44. Kd5 Kd7 45. Kc5 Kc7
46. Kb4 Ra1 47. a5 Kb7 48. Rf7+ Kb8 49. Rf6 h5 50. Rf5 Rf1 51. Kc5 Ra1 52. Kd6
Ra4 53. f4 Re4 54. Kd5 Re1 55. Rxh5 Kc7 56. Rh7+ 1-0

[Event "20. Int. Boeblinger Open"]
[Site "Boeblingen"]
[Date "2003.12.30"]
[Round "8"]
[White "Rau, Hannes"]
[Black "Hoffmann, Michael"]
[Result "1/2-1/2"]
[WhiteElo "2372"]
[BlackElo "2430"]
[PlyCount "20"]
[EventDate "2003.??.??"]

1. d4 Nf6 2. c4 e6 3. Nc3 Bb4 4. Qc2 c5 5. dxc5 O-O 6. Nf3 Na6 7. a3 Bxc3+ 8.
Qxc3 Nxc5 9. e3 b6 10. b4 Nce4 1/2-1/2

[Event "20. Int. Boeblinger Open"]
[Site "Boeblingen"]
[Date "2003.12.30"]
[Round "8"]
[White "Meyer, Roland"]
[Black "Gaponenko, Inna"]
[Result "0-1"]
[WhiteElo "2114"]
[BlackElo "2409"]
[PlyCount "106"]
[EventDate "2003.??.??"]

1. e4 c5 2. Nf3 d6 3. d4 cxd4 4. Nxd4 Nf6 5. Nc3 g6 6. Be3 Bg7 7. f3 O-O 8. Qd2
Nc6 9. Bc4 Bd7 10. O-O-O Qa5 11. h4 Ne5 12. Bb3 Rfc8 13. g4 b5 14. h5 b4 15.
Nd5 Nxd5 16. Bxd5 Nc4 17. Bxc4 Rxc4 18. Kb1 Qe5 19. hxg6 fxg6 20. Qd3 Rac8 21.
f4 Qf6 22. g5 Qf7 23. Rd2 e5 24. fxe5 dxe5 25. Nb3 Bg4 26. Rf1 Qe7 27. Nc5
R4xc5 28. Bxc5 Qxc5 29. Qb3+ Kh8 30. Rg2 Bd7 31. Rh1 Qc4 32. Qe3 Rf8 33. Qe1
Bb5 34. Rd2 Kg8 35. Qh4 Rf1+ 36. Rd1 Rxd1+ 37. Rxd1 Bc6 38. Qf2 Bf8 39. Rf1 Bc5
40. Qf6 Be7 41. Qf2 Bxe4 42. Re1 a5 43. Qa7 Bxc2+ 44. Ka1 Bxg5 45. Qb8+ Kg7 46.
Qa7+ Qf7 47. Qc5 b3 48. a4 Bf6 49. Rg1 Bf5 50. Rxg6+ Kxg6 51. Qg1+ Bg4 52. Qb1+
Kg7 53. Qf5 Qc4 0-1

[Event "20. Int. Boeblinger Open"]
[Site "Boeblingen"]
[Date "2003.12.30"]
[Round "8"]
[White "Kabisch, Thilo"]
[Black "Braun, Matthias"]
[Result "1-0"]
[WhiteElo "2274"]
[BlackElo "2160"]
[PlyCount "27"]
[EventDate "2003.??.??"]

1. e4 e5 2. Nf3 Nc6 3. Bb5 a6 4. Ba4 Nf6 5. O-O Nxe4 6. d4 b5 7. Bb3 d5 8. Re1
Be7 9. dxe5 Be6 10. c3 O-O 11. Bc2 Bg4 12. Nbd2 Nxe5 13. Nxe4 dxe4 14. Qxd8 1-0

[Event "20. Int. Boeblinger Open"]
[Site "Boeblingen"]
[Date "2003.12.30"]
[Round "8"]
[White "Wartlick, Karl"]
[Black "Dergatschova-Daus, Anna"]
[Result "0-1"]
[WhiteElo "2170"]
[BlackElo "2296"]
[PlyCount "62"]
[EventDate "2003.??.??"]

1. c4 c6 2. e4 d5 3. cxd5 cxd5 4. exd5 Nf6 5. Nc3 Nbd7 6. Qa4 g6 7. Nf3 Bg7 8.
Qh4 O-O 9. d4 Nb6 10. Bd3 Nbxd5 11. O-O Nb4 12. Bb1 Bg4 13. Ng5 Bh5 14. Be3
Nbd5 15. Bd3 Nxe3 16. fxe3 h6 17. Nxf7 Rxf7 18. Bc4 g5 19. Qxh5 Nxh5 20. Bxf7+
Kh8 21. Bxh5 Qb6 22. Nd5 Qd6 23. Nc3 a6 24. Rad1 b5 25. a3 Rd8 26. Bg4 b4 27.
axb4 Qxb4 28. Rf2 e5 29. dxe5 Rxd1+ 30. Bxd1 Bxe5 31. Nd5 Qe1+ 0-1

[Event "20. Int. Boeblinger Open"]
[Site "Boeblingen"]
[Date "2003.12.30"]
[Round "8"]
[White "Fichter, Michael"]
[Black "Sadiku, Bedri"]
[Result "0-1"]
[WhiteElo "2141"]
[BlackElo "2280"]
[PlyCount "68"]
[EventDate "2003.??.??"]

1. e4 e5 2. Nf3 Qe7 3. Bc4 d6 4. O-O h6 5. d4 Nf6 6. Nc3 c6 7. Re1 b5 8. dxe5
dxe5 9. Bd3 Bg4 10. h3 Bxf3 11. Qxf3 Nbd7 12. a4 b4 13. Nb1 a5 14. Nd2 g6 15.
Nc4 Bg7 16. Be3 O-O 17. Nb6 Nxb6 18. Bxb6 c5 19. Bc4 Qd6 20. Bxa5 Rxa5 21. Rad1
Qe7 22. b3 Raa8 23. Rd2 Rad8 24. Red1 Rd4 25. a5 Ra8 26. Rxd4 cxd4 27. Ra1 Ra7
28. a6 Qc5 29. Ra2 Qc6 30. Ra4 Bf8 31. Ra5 Qd6 32. Qd3 Qc7 33. Ra2 Kg7 34. Ra1
Qc5 0-1

[Event "20. Int. Boeblinger Open"]
[Site "Boeblingen"]
[Date "2003.12.30"]
[Round "8"]
[White "Banaszek, Marcin"]
[Black "Koksch, Robert"]
[Result "1-0"]
[WhiteElo "2243"]
[BlackElo "2089"]
[PlyCount "87"]
[EventDate "2003.??.??"]

1. c4 c6 2. d4 d5 3. Nf3 Nf6 4. cxd5 cxd5 5. Bf4 Nc6 6. Nc3 Bf5 7. e3 e6 8. Be2
Bd6 9. Bxd6 Qxd6 10. O-O O-O 11. a3 Rac8 12. Rc1 a6 13. Na4 e5 14. Nc5 Rc7 15.
b4 exd4 16. Nxd4 Nxd4 17. Qxd4 Qe7 18. h3 Rfc8 19. Rcd1 a5 20. g4 axb4 21. axb4
Be6 22. Bb5 h5 23. f3 hxg4 24. hxg4 b6 25. Na4 Rc2 26. Bd3 Ra2 27. Ra1 Rxa1 28.
Rxa1 Bxg4 29. fxg4 Nxg4 30. Qxg4 Qxe3+ 31. Kg2 Re8 32. Rd1 Re5 33. Qc8+ Re8 34.
Qh3 Qg5+ 35. Qg3 Qe7 36. Nxb6 Qxb4 37. Nxd5 Qb2+ 38. Qf2 Qe5 39. Qf5 Qb2+ 40.
Kh1 f6 41. Qh7+ Kf8 42. Qh8+ Kf7 43. Bg6+ Kxg6 44. Qxe8+ 1-0

[Event "20. Int. Boeblinger Open"]
[Site "Boeblingen"]
[Date "2003.12.30"]
[Round "8"]
[White "Siebrecht, Sebastian"]
[Black "Denger, Philipp"]
[Result "1-0"]
[WhiteElo "2435"]
[BlackElo "2167"]
[PlyCount "71"]
[EventDate "2003.??.??"]

1. c4 c5 2. Nc3 Nc6 3. g3 g6 4. Bg2 Bg7 5. e3 e5 6. Nge2 Nge7 7. O-O O-O 8. a3
b6 9. d4 d6 10. d5 Na5 11. b4 Nb7 12. f4 f6 13. fxe5 fxe5 14. e4 Kh8 15. Be3
Ng8 16. Qd2 Bg4 17. h3 Bxe2 18. Nxe2 Qc7 19. Rac1 Rxf1+ 20. Bxf1 Rf8 21. Bg2
Qc8 22. Nc3 h5 23. Nb5 a6 24. Na7 Qc7 25. Nc6 Kh7 26. g4 hxg4 27. hxg4 Bf6 28.
g5 Be7 29. Bh3 Nd8 30. b5 axb5 31. cxb5 Nxc6 32. bxc6 Ra8 33. Be6 Kg7 34. Qh2
b5 35. Kg2 Rxa3 36. Rh1 1-0

[Event "20. Int. Boeblinger Open"]
[Site "Boeblingen"]
[Date "2003.12.30"]
[Round "8"]
[White "Bauer, Peter"]
[Black "Horn, Sven"]
[Result "1-0"]
[WhiteElo "2251"]
[BlackElo "2117"]
[PlyCount "41"]
[EventDate "2003.??.??"]

1. e4 e5 2. Nf3 Nf6 3. Nxe5 d6 4. Nf3 Nxe4 5. d4 d5 6. Bd3 Nc6 7. O-O Be7 8. c4
Nb4 9. Be2 O-O 10. a3 Nc6 11. Nc3 Nxc3 12. bxc3 Bf5 13. Bd3 Bg4 14. h3 dxc4 15.
Bxh7+ Kxh7 16. Qc2+ g6 17. hxg4 Kg7 18. Qe4 Bd6 19. d5 Na5 20. Qd4+ Qf6 21.
Bh6+ 1-0

[Event "20. Int. Boeblinger Open"]
[Site "Boeblingen"]
[Date "2003.12.30"]
[Round "8"]
[White "Klaric, Zoran"]
[Black "Remmler, Hans-Peter"]
[Result "0-1"]
[WhiteElo "2084"]
[BlackElo "2243"]
[PlyCount "84"]
[EventDate "2003.??.??"]

1. d4 Nf6 2. Nf3 g6 3. c4 Bg7 4. g3 O-O 5. Bg2 d6 6. O-O Nbd7 7. Nc3 e5 8. e4
exd4 9. Nxd4 Re8 10. Re1 a6 11. h3 Rb8 12. Be3 Ne5 13. b3 c5 14. Nc2 b5 15.
cxb5 axb5 16. Bg5 h6 17. Bxf6 Bxf6 18. Nd5 Bg7 19. Qd2 Bxh3 20. Nce3 Be6 21.
Rad1 Nc6 22. f4 Bd4 23. Kh2 Kg7 24. Rf1 Ne7 25. Nc2 Bxd5 26. Nxd4 Ba8 27. Nc2
Ng8 28. Rfe1 Nf6 29. Qc3 b4 30. Qd3 Qb6 31. Ne3 Nxe4 32. Bxe4 Rxe4 33. Nd5 Bxd5
34. Qxd5 Rxe1 35. Rxe1 Qa6 36. Re7 Qxa2+ 37. Kh3 Rf8 38. Qxd6 Qxb3 39. Qxc5 Qf3
40. Kh2 b3 41. Qa3 Qf2+ 42. Kh3 b2 0-1

[Event "20. Int. Boeblinger Open"]
[Site "Boeblingen"]
[Date "2003.12.30"]
[Round "8"]
[White "Riedel, Holger"]
[Black "Bogner, Norbert"]
[Result "1-0"]
[WhiteElo "2236"]
[BlackElo "2081"]
[PlyCount "59"]
[EventDate "2003.??.??"]

1. d4 Nf6 2. c4 e6 3. Nc3 Bb4 4. a3 Bxc3+ 5. bxc3 c5 6. e3 O-O 7. Bd3 Nc6 8.
Ne2 d6 9. e4 h6 10. O-O e5 11. f4 b6 12. d5 Na5 13. fxe5 dxe5 14. Ng3 Kh7 15.
Ra2 Ng8 16. Raf2 Qe8 17. Nh5 f6 18. g4 Qg6 19. Rg2 Ba6 20. Qe2 Ne7 21. h4 Qe8
22. g5 fxg5 23. Rxf8 Qxf8 24. hxg5 g6 25. Rf2 gxh5 26. Rxf8 Rxf8 27. Qxh5 Ng8
28. g6+ Kg7 29. Qxe5+ Kxg6 30. Qd6+ 1-0

[Event "20. Int. Boeblinger Open"]
[Site "Boeblingen"]
[Date "2003.12.30"]
[Round "8"]
[White "Rombach, Michael"]
[Black "Reljic, Radomir"]
[Result "0-1"]
[WhiteElo "2031"]
[BlackElo "2221"]
[PlyCount "78"]
[EventDate "2003.??.??"]

1. d4 Nf6 2. c4 e6 3. Nf3 b6 4. a3 Bb7 5. Nc3 Be7 6. Bf4 O-O 7. e3 c5 8. d5
exd5 9. cxd5 d6 10. Bd3 a6 11. a4 Nh5 12. Qc2 h6 13. Bg3 Bf6 14. Rd1 Kh8 15.
Ne4 Nxg3 16. hxg3 Bxd5 17. Nxd6 Nc6 18. Bc4 Nb4 19. Qf5 Qxd6 20. Bxd5 Rad8 21.
Bb3 Qe7 22. Ke2 b5 23. axb5 axb5 24. g4 c4 25. g5 Bxb2 26. gxh6 g6 27. Qxb5
cxb3 28. Qc4 Qe6 29. Qxe6 fxe6 30. Rb1 Na2 31. Rxb2 Nc3+ 32. Kf1 Rd1+ 33. Ne1
Rfd8 34. g4 Rxe1+ 35. Kg2 Rxh1 36. Kxh1 Rd1+ 37. Kg2 Rb1 38. Rd2 b2 39. Kf3 g5
0-1

[Event "20. Int. Boeblinger Open"]
[Site "Boeblingen"]
[Date "2003.12.30"]
[Round "9"]
[White "Farago, Ivan"]
[Black "Luther, Thomas"]
[Result "1/2-1/2"]
[WhiteElo "2485"]
[BlackElo "2580"]
[PlyCount "21"]
[EventDate "2003.??.??"]

1. d4 d5 2. c4 c6 3. Nc3 Nf6 4. e3 a6 5. Nf3 b5 6. b3 Bg4 7. Be2 e6 8. O-O Nbd7
9. Bb2 Bd6 10. h3 Bh5 11. Ne5 1/2-1/2

[Event "20. Int. Boeblinger Open"]
[Site "Boeblingen"]
[Date "2003.12.30"]
[Round "9"]
[White "Gaponenko, Inna"]
[Black "Wippermann, Till"]
[Result "1/2-1/2"]
[WhiteElo "2409"]
[BlackElo "2353"]
[PlyCount "65"]
[EventDate "2003.??.??"]

1. e4 c5 2. Nf3 Nc6 3. Nc3 g6 4. d4 cxd4 5. Nxd4 Bg7 6. Be3 Nf6 7. Bc4 Qa5 8.
O-O O-O 9. Bb3 d6 10. h3 Qh5 11. Qxh5 Nxh5 12. Rad1 Nxd4 13. Bxd4 Nf4 14. Rfe1
Be6 15. Nd5 Bxd5 16. exd5 Bf6 17. Bxf6 exf6 18. g3 Nh5 19. Re7 Rab8 20. Rde1 f5
21. Rc7 Rfc8 22. Rxc8+ Rxc8 23. Re7 Rb8 24. c4 Kf8 25. Rc7 Nf6 26. c5 Ne8 27.
cxd6 Nxd6 28. Rd7 Ke8 29. Ba4 b5 30. Rxd6 bxa4 31. Ra6 Rxb2 32. Rxa4 Rb5 33.
Rxa7 1/2-1/2

[Event "20. Int. Boeblinger Open"]
[Site "Boeblingen"]
[Date "2003.12.30"]
[Round "9"]
[White "Ovsejevitsch, Sergei"]
[Black "Kabisch, Thilo"]
[Result "1-0"]
[WhiteElo "2510"]
[BlackElo "2274"]
[PlyCount "89"]
[EventDate "2003.??.??"]

1. Nf3 Nf6 2. c4 g6 3. Nc3 Bg7 4. e4 d6 5. d4 O-O 6. Be2 e5 7. O-O Nc6 8. d5
Ne7 9. Kh1 Nh5 10. Ng1 Nf4 11. Bf3 c5 12. Rb1 a5 13. a3 f5 14. g3 fxe4 15. Nxe4
Nh3 16. Nxh3 Bxh3 17. Bg2 Bxg2+ 18. Kxg2 Nf5 19. b4 axb4 20. axb4 b6 21. Bg5
Qd7 22. bxc5 bxc5 23. Rb6 Ra4 24. Nxd6 h6 25. Nxf5 Rxf5 26. Be3 Rh5 27. g4 Rh4
28. h3 Rxc4 29. Rxg6 Qf7 30. Re6 h5 31. f3 hxg4 32. fxg4 Qd7 33. Kg3 Rh7 34.
Rb6 Qd8 35. Qf3 e4 36. Qf7+ Kh8 37. Kg2 Rc2+ 38. Rf2 Rxf2+ 39. Bxf2 Bd4 40.
Bxd4+ cxd4 41. Qf4 Rf7 42. Qe5+ Kh7 43. Qxe4+ Kg8 44. Rg6+ Kh8 45. Qe5+ 1-0

[Event "20. Int. Boeblinger Open"]
[Site "Boeblingen"]
[Date "2003.12.30"]
[Round "9"]
[White "Dergatschova-Daus, Anna"]
[Black "Meijers, Viesturs"]
[Result "0-1"]
[WhiteElo "2296"]
[BlackElo "2499"]
[PlyCount "60"]
[EventDate "2003.??.??"]

1. d4 Nf6 2. Nf3 e6 3. e3 b6 4. Nbd2 Bb7 5. Bd3 d5 6. O-O Bd6 7. Ne5 O-O 8. f4
Ne4 9. f5 exf5 10. Rxf5 g6 11. Rf1 Nxd2 12. Bxd2 Nd7 13. Ng4 f5 14. Nf2 Nf6 15.
c4 Qe7 16. Qb3 dxc4 17. Qxc4+ Kg7 18. g3 h5 19. Nh3 h4 20. Nf4 hxg3 21. hxg3
Rae8 22. d5 Qe5 23. e4 fxe4 24. Bc3 Qg5 25. Bxe4 Rxe4 26. Qxe4 Qxg3+ 27. Ng2
Qxc3 28. Qxg6+ Kxg6 29. bxc3 Bc5+ 30. Kh2 Kg5 0-1

[Event "20. Int. Boeblinger Open"]
[Site "Boeblingen"]
[Date "2003.12.30"]
[Round "9"]
[White "Hoffmann, Michael"]
[Black "Schuurman, Petra"]
[Result "1-0"]
[WhiteElo "2430"]
[BlackElo "2263"]
[PlyCount "81"]
[EventDate "2003.??.??"]

1. d4 Nf6 2. c4 c5 3. Nf3 g6 4. Nc3 Bg7 5. d5 e6 6. Bf4 exd5 7. cxd5 d6 8. Qa4+
Bd7 9. Qb3 Qc7 10. e4 O-O 11. Nd2 Ng4 12. Nc4 Ne5 13. Bxe5 dxe5 14. Be2 Na6 15.
O-O Rab8 16. Nb5 Bxb5 17. Qxb5 Nb4 18. Rfc1 f5 19. Ne3 Na6 20. Qa4 fxe4 21. Rc2
Kh8 22. g3 Qf7 23. Bxa6 bxa6 24. Qxe4 Rb4 25. Nc4 Qd7 26. Rd1 Rf4 27. Qe2 Rd4
28. Rxd4 exd4 29. d6 Kg8 30. b3 Rb8 31. Qf3 Qf5 32. Qxf5 gxf5 33. Re2 Rd8 34.
Kf1 Bf6 35. Kg2 a5 36. Kf3 a4 37. Kf4 axb3 38. axb3 Rb8 39. Kxf5 Kg7 40. Ra2
Rb7 41. Ra5 1-0

[Event "20. Int. Boeblinger Open"]
[Site "Boeblingen"]
[Date "2003.12.30"]
[Round "9"]
[White "Grooten, Herman"]
[Black "Banaszek, Marcin"]
[Result "1-0"]
[WhiteElo "2390"]
[BlackElo "2243"]
[PlyCount "65"]
[EventDate "2003.??.??"]

1. d4 Nf6 2. c4 e6 3. Nf3 b6 4. a3 Bb7 5. Nc3 Be7 6. d5 d6 7. e4 e5 8. g3 O-O
9. Bg2 a5 10. Rb1 Ne8 11. O-O Bc8 12. Ne1 f5 13. Nd3 fxe4 14. Nxe4 Nf6 15. Ng5
Bg4 16. f3 Bd7 17. f4 Bg4 18. Bf3 Bxf3 19. Qxf3 Qc8 20. fxe5 Ng4 21. Qe4 Rxf1+
22. Kxf1 Bxg5 23. Bxg5 dxe5 24. Nxe5 Qf8+ 25. Bf4 Nf6 26. Qf5 Na6 27. Qe6+ Kh8
28. Qf7 Qc5 29. Bh6 Nh5 30. Qxh5 gxh6 31. Kg2 Rf8 32. Nf7+ Kg7 33. Rf1 1-0

[Event "20. Int. Boeblinger Open"]
[Site "Boeblingen"]
[Date "2003.12.30"]
[Round "9"]
[White "Remmler, Hans-Peter"]
[Black "Korneev, Oleg"]
[Result "0-1"]
[WhiteElo "2243"]
[BlackElo "2559"]
[PlyCount "78"]
[EventDate "2003.??.??"]

1. e4 e5 2. Nf3 Nc6 3. d4 exd4 4. Nxd4 Bc5 5. Be3 Qf6 6. Nb5 Bxe3 7. fxe3 Kd8
8. N1c3 Nge7 9. Qf3 d6 10. Be2 Ne5 11. Qxf6 gxf6 12. O-O f5 13. Nd5 c6 14. Nxe7
Kxe7 15. Nc3 fxe4 16. Nxe4 Be6 17. Nf6 b5 18. Rf4 a5 19. a3 b4 20. axb4 axb4
21. Rxa8 Rxa8 22. Nxh7 c5 23. b3 Ra1+ 24. Kf2 Ra2 25. Ng5 Rxc2 26. Nxe6 Kxe6
27. Ke1 Rc3 28. Kd2 Rxb3 29. Bc4+ Nxc4+ 30. Rxc4 Rb2+ 31. Rc2 Rb1 32. Rc1 Rxc1
33. Kxc1 f5 34. g3 c4 35. Kd2 b3 36. Kc3 d5 37. h3 Ke5 38. h4 Ke4 39. h5 Ke5
0-1

[Event "20. Int. Boeblinger Open"]
[Site "Boeblingen"]
[Date "2003.12.30"]
[Round "9"]
[White "Bogomolow, Sergej"]
[Black "Seel, Christian"]
[Result "0-1"]
[WhiteElo "2202"]
[BlackElo "2315"]
[PlyCount "90"]
[EventDate "2003.??.??"]

1. e4 e5 2. Nf3 d6 3. d4 exd4 4. Qxd4 Nf6 5. Nc3 Be7 6. Bg5 O-O 7. O-O-O Nc6 8.
Qd2 Be6 9. Nd4 Nxd4 10. Qxd4 a6 11. Bc4 h6 12. Bh4 c5 13. Qd3 b5 14. Bxe6 fxe6
15. e5 Ng4 16. Bxe7 Qxe7 17. exd6 Qg5+ 18. f4 Qxf4+ 19. Qd2 Nf2 20. Qxf4 Rxf4
21. Rhf1 Nxd1 22. Rxf4 Nxc3 23. bxc3 Rd8 24. c4 Rxd6 25. cxb5 axb5 26. a4 bxa4
27. Rxa4 Kf7 28. Rc4 Rd5 29. g3 Ke7 30. Kb2 Kd6 31. Kc3 Rf5 32. Rh4 Kd5 33. Kd3
Rf3+ 34. Ke2 Rc3 35. Kd2 Rc4 36. Rh5+ Kd6 37. h3 Rd4+ 38. Ke3 Rd1 39. Rh4 Kd5
40. Rg4 g5 41. Ra4 Rh1 42. h4 Rh3 43. hxg5 Rxg3+ 44. Kd2 hxg5 45. Ra8 e5 0-1

[Event "20. Int. Boeblinger Open"]
[Site "Boeblingen"]
[Date "2003.12.30"]
[Round "9"]
[White "Braun, Matthias"]
[Black "Bauer, Peter"]
[Result "0-1"]
[WhiteElo "2160"]
[BlackElo "2251"]
[PlyCount "76"]
[EventDate "2003.??.??"]

1. e4 c5 2. Nf3 d6 3. d4 cxd4 4. Qxd4 Nc6 5. Bb5 Bd7 6. Bxc6 Bxc6 7. Nc3 Nf6 8.
Bg5 e6 9. O-O-O Be7 10. e5 dxe5 11. Qxe5 Qb8 12. Qe2 O-O 13. Ne5 Qc7 14. Rd3 b5
15. Rhd1 b4 16. Nxc6 Qxc6 17. Bxf6 Bxf6 18. Ne4 Be5 19. Kb1 g6 20. Qf3 Rac8 21.
Qe2 a5 22. h4 a4 23. c3 a3 24. Nd6 Bxd6 25. Rxd6 Qc5 26. cxb4 Qxb4 27. R6d4 Qb7
28. g3 axb2 29. R4d2 Rc1+ 30. Rxc1 bxc1=Q+ 31. Kxc1 Rb8 32. Qd3 Qh1+ 33. Rd1
Rc8+ 34. Kb2 Qc6 35. Ka1 Qc2 36. Qd2 h5 37. a3 Qb3 38. Qd3 Rc1+ 0-1

[Event "20. Int. Boeblinger Open"]
[Site "Boeblingen"]
[Date "2003.12.30"]
[Round "9"]
[White "Doeres, Hans-Juergen"]
[Black "Meyer, Roland"]
[Result "0-1"]
[WhiteElo "2244"]
[BlackElo "2114"]
[PlyCount "76"]
[EventDate "2003.??.??"]

1. c4 c6 2. g3 d5 3. Bg2 Nf6 4. Nf3 e6 5. b3 Nbd7 6. Bb2 Bd6 7. O-O O-O 8. d3
e5 9. Nbd2 e4 10. Ne1 e3 11. fxe3 Ng4 12. Nc2 Nxh2 13. Kxh2 Qh4+ 14. Kg1 Bxg3
15. Nf3 Qh5 16. Qd2 Nf6 17. Bxf6 gxf6 18. e4 Kh8 19. e3 Rg8 20. Nce1 Rg6 21.
Rf2 Bg4 22. Kf1 Rag8 23. exd5 Bh3 24. Rd1 Bxf2 25. Qxf2 Bxg2+ 26. Nxg2 Qh1+ 27.
Qg1 Qxg1+ 28. Kxg1 Rxg2+ 29. Kf1 Rxa2 30. d6 Rb2 31. Nd4 h5 32. Nf5 Rh2 33. Nh6
Rh1+ 34. Ke2 Rg2+ 35. Kf3 Rxd1 36. d4 Rdg1 37. Ke4 h4 38. Nxf7+ Kh7 0-1